|
|
|
|
| LEADER |
00000cam a2200000 7i4500 |
| 001 |
0000024921 |
| 005 |
20211228093000.0 |
| 008 |
021119s1992 |
| 020 |
|
|
|a 0202303918 ,
|c (alk)
|
| 020 |
|
|
|a 0202303926 ,
|c (pbk)
|
| 090 |
0 |
0 |
|a U21.2
|b H353 1992
|
| 100 |
0 |
|
|a Hansen, J. T. ,
|d 1934- ,
|e author
|
| 245 |
1 |
0 |
|a Paralles :
|b the soldier's knowledge and the oral history of contemporary warfare
|c J. T. Hansen, A. Susan Owen and Michael Patrick Madden
|
| 260 |
2 |
|
|a New York :
|b Aldine de Gruyter ,
|c c1992
|
| 300 |
|
|
|a xii, 250 p. ;
|c 24 cm.
|
| 440 |
0 |
0 |
|a Communication and social order
|
| 650 |
|
0 |
|a Combat
|
| 650 |
|
0 |
|a History, Modern
|y 20th century
|
| 650 |
|
0 |
|a Vietnamese Conflict, 1961-1975
|x Campaigns
|
| 650 |
|
0 |
|a Vietnamese Conflict, 1961-1975
|x Personal narratives, American
|
| 650 |
|
0 |
|a War
|
| 650 |
|
0 |
|a War and society
|
| 651 |
|
0 |
|a Afghanistan
|x History
|y Soviet occupation, 1979-1989
|
| 700 |
0 |
|
|a Madden, Michael Patrick ,
|d 1948- ,
|e author
|
| 700 |
0 |
|
|a Owen, A. Susan ,
|d 1953- ,
|e author
|
| 999 |
|
|
|a 1000037741
|b Book
|c OPEN SHELF (30 DAYS)
|e Gong Badak Campus
|